1729 1186 1878 1212 1440 1626 1906 1107 1767 1678 1551 1269 1761 1381 1374 1010 1944 1903 1010 1138 1892 1983 1660 1920 1243 1939 1448 1842 1565 1427 1041 1041 1635 1807 1058 1096 1709 1748 1168 1795 1266 1207 1940 1923 1271 1443 1789 1299 1430 1069 1049 1439 1243 1126 1856 1825 1654 1835 1080 1098 1108 1665 1027 1320 1069 1946 1554 1878 1572 1209 1926 1548 1064 1173 1141 1496 1814 1145 1125 1298 1855 1314 1629 1205 1196 1629 1448 1703 1560 1657 1148 1951 1315 1804 1561 1636 1346 1825 1142 BCNSPRNW ULIB Ver.6.0+V

เปลี่ยนเป็นภาษาไทย

Change to English
 แสดงรายละเอียดบรรณานุกรม
  กลับหน้าหลัก

Brief Record : Get Marc (ISO 2709) : E-mail record : QR code < ปิดหน้าต่าง
LEADER : 00000nam 2200000uu 4500
001    13399125188
003     ULIB
008    161104s2558||||th 000 0 tha d
020    ^aa9786162832406
050  0 ^aDS578.32^bส665ร
245  ^ ^aราชสดุดีพระมิ่งมาตาของแผ่นดิน 83 พรรษา กิจกรรมเฉลิมพระเกียรติ ^"Bike for Mom ปั่นเพื่อแม่^" /^cบรรณาธิการ, สายไหม จบกลศึก.
246  ^ ^aกิจกรรมเฉลิมพระเกียรติ ^"Bike for Mom ปั่นเพื่อแม่^".
246  ^ ^aBike for Mom ปั่นเพื่อแม่.
260    ^aกรุงเทพฯ :^bกรมศิลปากร,^c2558.
300    ^a352 หน้า :^bภาพประกอบสี ;^c30 ซม+^e1 CD-ROM (CD0001707)
500    ^aหนังสือเฉลิมพระเกียรติสมเด็จพระนางเจ้าฯ พระบรมราชินีนาถ เนื่องในโอกาสมหามงคลเฉลิมพระชนมพรรษา 83 พรรษา 12 สิงหาคม 2558.
600  ^ ^aสิริกิติ์ พระบรมราชินีนาถ,^cสมเด็จพระนางเจ้า,^d2475-
650    ^aการขี่จักรยาน.
700  ^ ^aสายไหม จบกลศึก.
710  ^ ^aกรมศิลปากร.
945    ^p0^l0^i001466
999    ^aวรรณษา ชูชัยมงคล
รายการนี้ยังไม่มีแท็ก
คุณยังไม่ได้ล็อกอิน คุณสามารถมีกิจกรรมร่วมกับเว็บไซต์ได้ แต่ต้องล็อกอินก่อน ::
  ล็อกอิน

รายการสื่อสารสนเทศ

ลำดับที่ ประเภท เลขเรียก/บาร์โค้ด สถานที่ สถานะ
1. การศึกษาทั่วไป
การศึกษาทั่วไป
DS578.32 ส665ร ฉ.1 
  Barcode: 001466
ห้องสมุดวิทยาเขตสวรรค์ประชารักษ์
►หนังสือทั่วไป
บนชั้น

BibComment


ยังไม่เคยถูกคอมเมนท์

คอมเมนท์ทรัพยากรรายการนี้
  คอมเมนท์: ราชสดุดีพระมิ่งม..


 Copyright 2026. Bcnsprnw @Library